000 00355cam a2200145ua 4500
041 _aeng
_h
082 _a823.301
_bAUS/SE
100 _aAusten, Jane .
245 _aSense and sensibility /
_cJane Austen.
_hTextual Documents
260 _aLondon :
_bLongman ,
_c1963.
300 _a156 ; .
942 _cBK
999 _c3898
_d3898